Cantoras do Brasil - Statistics

Estatísticas Gerais
  • Esse quiz foi jogado 385 vezes
  • A pontuação média é 41 de 175
Estatísticas das Respostas
Gênero Musical Inicial Nome % Correto
Pop/Funk A Anitta
90%
Pop/R&B I Iza
87%
Axé/Pop I Ivete Sangalo
77%
Sertanejo M Marília Mendonça
76%
MPB/Romântico S Simone
74%
Sertanejo S Simone Mendes
74%
Samba/Bolero/MPB A Alcione
73%
Funk/R&B/Pop/Pagode L Ludmilla
72%
Sertanejo M Maiara
70%
Axé/Pop C Claudia Leitte
68%
Sertanejo M Maraísa
67%
Sertanejo S Simaria Mendes
67%
Rock/Rock Psicodélico/New Wave R Rita Lee
65%
MPB E Elis Regina
62%
Sertanejo A Ana Castela
61%
MPB/Bossa Nova/Samba/Psicodélico G Gal Costa
58%
MPB/Samba/Bossa Nova M Maria Bethânia
57%
Funk M MC Carol
56%
Rock P Pitty
55%
Pop/Funk L Luísa Sonza
54%
Sertanejo P Paula Fernandes
51%
Pop/Dance Pop X Xuxa
51%
Calipso/Brega Pop/Carimbó/Arrocha J Joelma
49%
Folk Pop/Pop Rock S Sandy Leah
48%
Axé/Pop/MPB D Daniela Mercury
46%
MPB/Pop/Samba M Marisa Monte
46%
Pop/Forró Eletrônico/Eletrobrega P Pabllo Vittar
44%
Pop W Wanessa Camargo
44%
MPB/Xote/Baião/Frevo/Maracatu E Elba Ramalho
43%
Rock/Pop Rock/MPB M Marina Lima
43%
Sertanejo N Naiara Azevedo
43%
MPB/Pop/R&B/Samba V Vanessa da Mata
43%
Rock/Blues Rock/MPB C Cássia Eller
41%
MPB/Pop/Folk A Ana Carolina
40%
Pagode A Adryana Ribeiro
39%
MPB/Romântico/Carimbó F Fafá de Belém
38%
Samba/Samba Jazz/Bossa Nova/MPB E Elza Soares
37%
Samba B Beth Carvalho
36%
Funk/Pop L Lexa
35%
Funk P Pocah
35%
Sertanejo/Romântico R Roberta Miranda
35%
Jovem Guarda/Iê-Iê-Iê/Pop Rock/MPB W Wanderléa
35%
MPB/Pop/Bossa Nova A Adriana Calcanhoto
33%
Pop/Samba-Funk P Preta Gil
33%
MPB Z Zizi Possi
33%
Pop A Angélica
32%
Pop/R&B/Hip Hop/Soul G Gloria Groove
32%
MPB/Pop Rock M Maria Gadú
31%
MPB/Bossa Nova/Samba/Jazz M Maria Rita
31%
MPB/Bossa Nova/Samba-Canção M Maysa
31%
Pop S Simony
31%
Funk V Valesca Popozuda
31%
MPB/Folk/Rock//Reggae/Samba Z Zélia Duncan
31%
Pop/Dance-Pop/Funk Melody K Kelly Key
30%
Samba-Funk/Soul/Samba Rock/R&B/Pop S Sandra de Sá
30%
Samba/Marchinha C Carmen Miranda
29%
Samba/Samba-Canção/Bolero C Clara Nunes
29%
Pop/Rap/Hip Hop K Karol Conká
29%
Pop Rock/New Wave P Paula Toller
29%
Tecnobrega/Pop G Gaby Amarantos
28%
Funk T Tati Quebra Barraco
28%
Pop/R&B/Rap/MPB M Marina Sena
27%
Pop Rock/MPB L Luiza Possi
26%
Samba/MPB M Mart'nália
26%
Axé A Alinne Rosa
25%
Pop/MPB D Duda Beat
25%
Bossa Nova/MPB/Samba N Nara Leão
25%
Rock/MPB/Pop/Samba/Gospel B Baby do Brasil
24%
Funk J Jojo Todynho
24%
Pop M Manu Gavassi
24%
Funk Melody/Pop P Perlla
24%
Disco/Mambo/Pop G Gretchen
23%
Hip Hop/R&B/Pop N Negra Li
22%
Axé/Samba Reggae/Afrobeat M Margareth Menezes
21%
MPB/Romântico J Joanna
20%
Pop/Xote/Forró J Juliette
19%
MPB/R&B/Soul/Blues L Liniker
19%
Sertanejo/Piseiro M Mari Fernandez
19%
Bolero/Guarânia P Perla
19%
Pop/Indie Pop/Funk R Priscilla
19%
Jovem Guarda/MPB/Psicodélico V Vanusa
19%
MPB/Blues/Rock/Jazz A Angela Ro Ro
18%
Samba D Dona Ivone Lara
18%
MPB/Romântico R Rosana
18%
MPB N Nana Caymmi
17%
Rock/Twist C Celly Campello
16%
Samba L Leci Brandão
16%
Sertanejo/Romântico S Sula Miranda
16%
Funk T Tati Zaqui
16%
MPB/Frevo/Forró A Amelinha
15%
MPB/Pop/Sertanejo A Ana Vilela
15%
Pop/Rock/Funk F Fernanda Abreu
15%
Rock/Indie/Pop Rock/MPB F Fernanda Takai
15%
Sertanejo G Gabi Martins
15%
Pop Rock M Marjorie Estiano
15%
Pop T Tânia Mara
15%
MPB/Seresta/Pantaneira T Tetê Espíndola
15%
Indie Pop/Folk/MPB T Tiê
15%
MPB/Samba-Canção/Bolero/Valsa A Ângela Maria
14%
MPB/Samba-Canção/Bolero D Dalva de Oliveira
14%
Pop Rock L Luka
14%
MPB/Samba R Roberta Sá
14%
Sertanejo T Thaeme
14%
Samba C Clementina de Jesus
13%
Romântico K Kátia
13%
Bossa Nova/Lounge/MPB/JAZZ B Bebel Gilberto
12%
Samba/Marchinha/Choro/Bolero E Emilinha Borba
12%
Samba/Pop/R&B L Luciana Mello
12%
Sertanejo M Maria Cecília
12%
Funk M MC Pipoquinha
12%
Forró Eletrônico P Paulinha Abelha
12%
Samba/MPB T Teresa Cristina
12%
Pop Rock/MPB P Patrícia Marx
11%
Bossa Nova/Latin Jazz A Astrud Gilberto
10%
Pop D Deborah Blando
10%
Funk/Pop/Rap L Linn da Quebrada
10%
Indie/Rock/Folk/MPB/Samba M Mallu Magalhães
10%
Jovem Guarda M Martinha
10%
Bossa Nova/Jazz M Miúcha
10%
Disco/Mambo/Pop R Rita Cadillac
10%
Pop Rock/MPB V Vanessa Rangel
10%
MPB/Samba/Jass/R&B C Céu
9%
Pop Rock D Danni Carlos
9%
Samba-Canção/Choro/Bossa Nova E Elizeth Cardoso
9%
Samba J Jovelina Pérola Negra
9%
MPB/Bossa Nova/Jazz J Joyce Moreno
9%
MPB/Samba M Maria Alcina
9%
Samba/Pagode E Eliana de Lima
8%
Axé/Samba Rock E Emanuelle Araújo
8%
Axé G Gilmelândia
8%
Sertanejo I Inezita Barroso
8%
Sertanejo P Paula Mattos
8%
Jovem Guarda/MPB S Sylvinha Araújo
8%
MPB/Indie Pop A Alice Caymmi
7%
MPB/Rock/Pop A Ana Cañas
7%
Pop/Rock/Alternativo/MPB A Ana Frango Elétrico
7%
Sertanejo B Bruna Viola
7%
MPB/Bossa Nova/Jazz/Rock Progressivo J Jane Duboc
7%
Samba-Funk/Samba-Rock/Soul/MPB P Paula Lima
7%
Jovem Guarda/MPB R Rosemary
7%
Axé/Lambada/Forró S Sarajane
7%
Samba/Samba-Canção/Bolero/Jazz D Dolores Duran
6%
MPB/Bossa Nova/Samba L Leila Pinheiro
6%
Samba/Marchinha/Choro M Marlene
6%
MPB/Bossa Nova/Samba M Mônica Salmaso
6%
Pop Rock/New Wave/Experimental V Virginie Boutaud
6%
Samba/Samba-Canção/Marchinha A Aracy de Almeida
5%
Axé C Carla Visi
5%
MPB/Funk/Soul/Hip-Hop/Samba D Daúde
5%
MPB F Fátima Guedes
5%
Sertanejo/Country/Romântico J Jayne
5%
Axé/Samba Reggae/Frevo M Márcia Freire
5%
Funk/Brega Funk T Tainá Costa
5%
Samba/Bossa Nova/MPB A Alaíde Costa
4%
Samba/Marchinha/Choro/Bolero A Amelinha Borba
4%
Funk D Deize Tigrona
4%
Disco Music/Samba Soul L Lady Zu
4%
MPB/Vanguarda Paulistana N Ná Ozetti
4%
Pop Rock P Patrícia Coelho
4%
MPB/Pop T Tulipa Ruiz
4%
MPB V Verônica Sabino
4%
MPB/Dub/Reggae/Afrobeat A Anelis Assumpção
3%
Sertanejo B Beth Guzzo
3%
Rock/Pop Rock/MPB/Bossanova D Dulce Quental
3%
Rock/Pop Rock E Érika Martins
3%
MPB/Rock/Indie/Manguebeat K Karina Buhr
3%
Samba/Jazz/Bolero L Leny Andrade
3%
Samba-Canção/Rock N Nora Ney
3%
Rock S Syang
3%
MPB/Jazz/Pop T Tânia Maria
3%
Rock/Indie/Pop B Bianca Jhordão
2%
Heavy Metal F Fernanda Lira
2%
Rock/Indie/Pop L Lovefoxxx
2%
Heavy Metal P Prika Amaral
1%
Rock Alternativo/Pós-Punk V Vange Leonel
1%
Nenhum quiz correspondente encontrado
Distribuição das Pontuações
Porcentagem de Pessoas com Cada Pontuação
Percentil de Números Respondidos
Sua Pontuação Histórica
Você não jogou esse quiz